000 00687nam a22002177a 4500
005 20250520141015.0
008 250520b |||||||| |||| 00| 0 eng d
020 _a9788174468956
040 _cAIMIT LIBRARY
041 _aeng
082 _a658.3
_24
_bRAOV
100 _aRao, V S P.
_922267
245 _aHuman resource management :
_btext and cases /
_cBy V S P Rao.
250 _a4th ed.
260 _aNew Delhi :
_bExcel Books ,
_c2010.
300 _axx ,839p. ;
_c27.5 cm.
650 _aJob analysis
_922268
650 _aHuman resource planning
_922269
650 _aPersonnel records audit and research
_922270
942 _2ddc
_cBK
_e4th
_i658.3 RAOV
999 _c234308
_d234308